00988cam a22002895a 4500001001000000003000400010005001700014008004100031020001500072020001800087040002900105082002700134100003300161245003500194250001200229260005800241300003200299500004100331500002400372504003100396650005800427651001000485653002200495942000800517999001700525952015600542010698330OSt20160322155419.0010122s2002 enka frb 001 0 eng d a0582328349 a9780582328341 aUkOxUdUkdEG-ScBUEbeng04a302.230712041222bPRI1 aPrice, Stuart,d1958-93964010aMedia studies /cStuart Price. a2nd ed. aHarlow :bLongman,bPearson Education Limited,c2002. ax, 515 p. :bill. ;c24 cm. aPrevious ed.: London : Pitman, 1993. aIndex : p. 507-515. aBibliography : p. 504-506. 7aMass mediaxStudy and teaching (Higher)2BUEsh939639 2BUEsh bCOMAMEcMarch2016 2ddc c21483d21455 00102ddc40708sphinxaMAINbMAINc1STd2016-03-22ePurchaseg200.00l3m3o302.230712041 PRIp000032153r2025-07-15 00:00:00s2020-12-19v250.00yBB